000 01368nam2a2200265 4500
001 v19\rc\1313189
005 20250618033440.0
035 _a(NLR Aleph) 004469419
090 _a4555069
_c4555069
100 _a20060512d1902 |||y0rusy50 ca
101 0 _arus
102 _aRU
105 _aa z 000yy
200 0 _aГ. 6
210 _d1902
_aБ. м.
215 _a[477] с. разд. паг.
_cтабл.
300 _aПрил. к отчету Кавказ. филоксер. комитета за 1900 г.
422 0 _12001#$aОтчет Кавказского филоксерного комитета ...$v... за 1900 г.
_tОтчет Кавказского филоксерного комитета ...
461 0 _1001v19\rc\1313185
_12001#$aТруды Лаборатории при Сакарском питомнике американских лоз$vГ. 6
_94555054
_aСакарский питомник американских лоз (м. Квирилы, Кутаисская губ.)
_cТифлис
_d1892-1914
_nТипография К. П. Козловского
_tТруды Лаборатории при Сакарском питомнике американских лоз
_vГ. 6
801 0 _aRU
_bNLR
_gpsbo
801 1 _aRU
_bProSoft-M
_2rusmarc
852 _aNLR
_j17.150.3.21(6)
942 _cBOOK
980 _aNB